Fundamentals of remote sensing and airphoto interpretation / (Record no. 33837)

MARC details
000 -LEADER
fixed length control field 01352cam a2200325 a 4500
001 - CONTROL NUMBER
control field 2486747
003 - CONTROL NUMBER IDENTIFIER
control field OSt
005 - DATE AND TIME OF LATEST TRANSACTION
control field 20220329121003.0
008 - FIXED-LENGTH DATA ELEMENTS--GENERAL INFORMATION
fixed length control field 910513s1992 nyuab b 001 0 eng
010 ## - LIBRARY OF CONGRESS CONTROL NUMBER
LC control number 91018241
020 ## - INTERNATIONAL STANDARD BOOK NUMBER
International Standard Book Number 0023050357
040 ## - CATALOGING SOURCE
Original cataloging agency DLC
Transcribing agency HU
Modifying agency DLC
050 00 - LIBRARY OF CONGRESS CALL NUMBER
Classification number TR810
Item number .A9 1992
082 00 - DEWEY DECIMAL CLASSIFICATION NUMBER
Classification number 778.3/5
Edition number 20
100 1# - MAIN ENTRY--PERSONAL NAME
Personal name Avery, Thomas Eugene.
9 (RLIN) 9610
245 10 - TITLE STATEMENT
Title Fundamentals of remote sensing and airphoto interpretation /
Statement of responsibility, etc. Thomas Eugene Avery, Graydon Lennis Berlin.
250 ## - EDITION STATEMENT
Edition statement 5th ed.
260 ## - PUBLICATION, DISTRIBUTION, ETC.
Place of publication, distribution, etc. New York :
Name of publisher, distributor, etc. Macmillan ;
Place of publication, distribution, etc. Toronto :
Name of publisher, distributor, etc. Maxwell Macmillan Canada ;
Place of publication, distribution, etc. New York :
Name of publisher, distributor, etc. Maxwell Macmillan International,
Date of publication, distribution, etc. c1992.
300 ## - PHYSICAL DESCRIPTION
Extent vii, 472 p. :
Other physical details ill. (some col.), maps ;
Dimensions 29 cm.
500 ## - GENERAL NOTE
General note Rev. ed. of: Interpretation of aerial photographs. 4th ed. c1985.
504 ## - BIBLIOGRAPHY, ETC. NOTE
Bibliography, etc. note Includes bibliographical references and index.
650 #0 - SUBJECT ADDED ENTRY--TOPICAL TERM
Topical term or geographic name entry element Photographic interpretation.
9 (RLIN) 34446
650 #0 - SUBJECT ADDED ENTRY--TOPICAL TERM
Topical term or geographic name entry element Aerial photography.
9 (RLIN) 34447
650 #0 - SUBJECT ADDED ENTRY--TOPICAL TERM
Topical term or geographic name entry element Remote sensing.
9 (RLIN) 5176
700 1# - ADDED ENTRY--PERSONAL NAME
Personal name Berlin, Graydon Lennis,
Dates associated with a name 1943-
9 (RLIN) 34448
700 1# - ADDED ENTRY--PERSONAL NAME
Personal name Avery, Thomas Eugene.
Title of a work Interpretation of aerial photographs.
9 (RLIN) 34449
906 ## - LOCAL DATA ELEMENT F, LDF (RLIN)
a 7
b cbc
c orignew
d 1
e ocip
f 19
g y-gencatlg
942 ## - ADDED ENTRY ELEMENTS (KOHA)
Source of classification or shelving scheme Dewey Decimal Classification
Koha item type Books like text book referance book
Suppress in OPAC No
Holdings
Withdrawn status Lost status Source of classification or shelving scheme Damaged status Not for loan Collection code Home library Current library Shelving location Date acquired Total Checkouts Full call number Barcode Date last seen Copy number Price effective from Koha item type
    Dewey Decimal Classification     Reference Wondo Genet Library Wondo Genet Library General Stacks 03/29/2022   778.3`5 AVE 1992 WGCFNRL00015393 03/29/2022 1 03/29/2022 Books like text book referance book
    Dewey Decimal Classification     Reference Wondo Genet Library Wondo Genet Library General Stacks 03/29/2022   778.3`5 AVE 1992 WGCFNRL00015394 03/29/2022 2 03/29/2022 Books like text book referance book